000 00461pab a2200157 454500
008 180718b2003 xxu||||| |||| 00| 0 eng d
100 _aKing, Damien
245 _aThe welfare effects of balance of payments reform: a macro-micro simulation of the cost of rent-seeking
260 _c2003
300 _ap.101-28.
362 _aFeb
650 _aBalance of payments
700 _aHanda, Sudhanshu
773 _aJournal of Development Studies
909 _a56760
999 _c56760
_d56760